Isole più popolose del mondo - Statistics

Statistiche generali
  • Questo quiz è stato fatto 62 volte
  • Il punteggio medio è 8 su 15
Statistiche sulle risposte
Popolazione (ab.) Continente Isola % Corretto
23 865 820 Asia Taiwan
80%
28 479 665 Africa Madagascar
78%
66 397 821 Europa Gran Bretagna
72%
23 720 000 Asia Borneo
65%
59 185 500 Asia Sumatra
63%
21 919 000 Asia Sri Lanka
57%
14 800 000 Oceania Nuova Guinea
56%
148 756 685 Asia Giava
54%
22 278 000 America del Nord Hispaniola
46%
102 579 606 Asia Honshū
46%
64 260 312 Asia Luzon
43%
20 160 000 Asia Sulawesi
39%
12 346 478 Asia Kyūshū
31%
27 021 036 Asia Mindanao
26%
23 729 378 Asia Salsette
0%
Nessun quiz corrispondente trovato
Distribuzione punteggi
Percentuale di utenti per punteggio
Percentile per numero di risposta
I tuoi punteggi nel tempo
Non hai fatto questo quiz